It’s Five o’ Clock Somewhere - Statistics

General Stats
  • This quiz has been taken 8 times
  • The average score is 10 of 14
Answer Stats
Hint Answer % Correct
10:00 pm Honolulu
100%
12:00 pm London
100%
8:00 pm San Francisco
100%
5:00 pm Washington DC
100%
7:00 pm Denver
80%
11:00 am Paris
80%
4:00 pm Rio de Janeiro
80%
6:00 pm Chicago
60%
9:00 am Dubai
60%
5:00 am Hong Kong
60%
10:00 am Moscow
60%
3:00 am Sydney
60%
7:30 am New Delhi
40%
4:00 am Tokyo
40%
No matching quizzes found
Score Distribution
Percent of People with Each Score
Percentile by Number Answered
Your Score History
You have not taken this quiz